Score 0/8 Timer 01:00
1 Play Today
% Correct
Mark Twain
 John Steinbeck 
Harper Lee
73.8%
Bram Stoker
 Oscar Wilde 
James Joyce
73.2%
Niccolò Machiavelli
Umberto Eco
Dante Alighieri
67.1%
 Charles Dickens 
Jane Austen
Roald Dahl
66.4%
 Fyodor Dostoevsky 
Alexander Pushkin
Leo Tolstoy
65.2%
Miguel de Cervantes
Juan Ramón Jiménez
Federico García Lorca
63.4%
Marcel Proust
Victor Hugo
 Alexandre Dumas 
63.2%
Goethe
Thomas Mann
Friedrich Schiller
52.6%
Remove Ads.
Support Sporcle.
Get the best of Sporcle when you Go Orange. This ad-free experience offers more features, more stats, and more fun while also helping to support Sporcle. Thank you for becoming a member.

You're not logged in!

Compare scores with friends on all Sporcle quizzes.
OR
Log In

Show Comments

Extras

Top Quizzes Today


Score Distribution

Your Account Isn't Verified!

In order to create a playlist on Sporcle, you need to verify the email address you used during registration. Go to your Sporcle Settings to finish the process.

Report this User

Report this user for behavior that violates our Community Guidelines.

Details: